[Event "Brama Lubawska"]
[Site "Lubawka POL"]
[Date "2009.07.04"]
[Round "8"]
[White "Jurkowski,M"]
[Black "Stepinski,S"]
[Result "1-0"]
[WhiteElo "1963"]
[BlackElo "1992"]

1.d4 d5 2.c4 c6 3.e3 Nf6 4.Nc3 e6 5.Nf3 Nbd7 6.Be2 dxc4 7.Bxc4 b5 8.Bd3 a6
9.O-O Bb7 10.Qe2 c5 11.Re1 c4 12.Bc2 Qc7 13.e4 h6 14.d5 O-O-O 15.dxe6 fxe6
16.Nd4 Nc5 17.f3 Bd6 18.g3 Be5 19.Be3 g5 20.Ncxb5 axb5 21.Nxb5 Qb6 22.Qxc4 Ba6
23.Ba4  1-0

[Event "World Open"]
[Site "Philadelphia USA"]
[Date "2009.07.04"]
[Round "6"]
[White "Benjamin,Joe"]
[Black "Robson,R"]
[Result "1/2-1/2"]
[WhiteElo "2583"]
[BlackElo "2465"]

1.d4 d5 2.c4 e6 3.Nc3 c6 4.e3 Nf6 5.Nf3 Nbd7 6.Qc2 Bd6 7.Bd3 O-O 8.O-O e5
9.cxd5 cxd5 10.e4 dxe4 11.Nxe4 Nxe4 12.Bxe4 h6 13.Be3 exd4 14.Bxd4 Nf6 15.Rfe1 Qc7
16.Qxc7 Bxc7 17.Bxf6 gxf6 18.Rac1 Bb6 19.Rcd1 Be6 20.Bxb7 Rab8 21.Bd5 Ba5
22.Rxe6 fxe6 23.Bxe6+ Kh8 24.b3 Rbd8 25.Rc1 Rd6 26.Bc4 Rfd8 27.Be2 Rd2 28.Nxd2 Rxd2
29.Kf1 Rxa2 30.g3 Bb6 31.b4 Rb2 32.b5 Kg7 33.Rd1 f5 34.Rd7+ Kf6 35.Rd6+ Kg7
36.Rd7+ Kf6 37.Rd6+ Kg7 38.Re6 Rb1+ 39.Kg2 Rb2 40.Kf3 Rb3+ 41.Kf4 Bxf2 42.Bc4 Rc3
43.Re7+ Kf8 44.Rc7 Bb6 45.Rc6 Bg1 46.Ke5 Ke7 47.h4 Bf2 48.h5 Bxg3+ 49.Kd4 Rc1
50.Rxh6 f4 51.Be2 Kf7 52.Ra6 Bf2+ 53.Ke4 Re1 54.Ra2 Be3 55.Bc4+ Kf6 56.Rg2 Rg1
57.Rh2 Kg7 58.h6+ Kh8 59.Bd5 Rg6 60.Kf3 Rg3+ 61.Ke4 Rg6 62.Kf3 Rg3+ 63.Ke2 Rg5
64.Bc4 Rg6 65.Bd3 Rd6 66.h7 Bg1 67.Rh3 Re6+ 68.Kf1 Re3  1/2-1/2

[Event "World Open"]
[Site "Philadelphia USA"]
[Date "2009.07.04"]
[Round "6"]
[White "Hansen,Eric"]
[Black "Stripunsky,A"]
[Result "1/2-1/2"]
[WhiteElo "2398"]
[BlackElo "2556"]

1.d4 d5 2.c4 c6 3.Nf3 Nf6 4.Nc3 e6 5.e3 a6 6.Qc2 Nbd7 7.Bd3 dxc4 8.Bxc4 Bd6
9.O-O O-O 10.Rd1 b5 11.Be2 Qc7 12.e4 e5 13.h3 Re8 14.dxe5 Nxe5 15.Bg5 Nxf3+
16.Bxf3 Nd7 17.Rac1 Ne5 18.Be2 Ng6 19.Qd2 Bf8 20.Be3 Qe7 21.a3 a5 22.Nb1 Qf6
23.Qc3 Qxc3 24.Rxc3 b4 25.axb4 axb4 26.Rxc6 Bb7 27.Rc7 Bxe4 28.Nd2 Bd5 29.Nc4 Rad8
30.Nb6 Be6 31.Rxd8 Rxd8 32.Nc4 Ne7 33.Rb7 Nd5 34.Bd2 h6 35.Bg4 f5 36.Bf3 Rc8
37.b3 Nf6 38.Bd1 Ra8 39.Kf1 Ra1 40.Ke2 Ne4 41.Bc2 Ra2 42.Bxe4 fxe4 43.Rb8 Bxc4+
44.bxc4 Rc2 45.c5 b3 46.Rxb3 Rxc5 47.Rb8 Rc4 48.Be3  1/2-1/2

[Event "FSGM July"]
[Site "Budapest HUN"]
[Date "2009.07.05"]
[Round "2"]
[White "Farago,I"]
[Black "Breder,D"]
[Result "1/2-1/2"]
[WhiteElo "2511"]
[BlackElo "2435"]

1.d4 d5 2.c4 c6 3.Nc3 e6 4.e3 Nf6 5.Nf3 Nbd7 6.Qc2 Bd6 7.Bd3 O-O 8.O-O dxc4
9.Bxc4 a6 10.Rd1 b5 11.Be2 Qc7 12.Ne4 Nxe4 13.Qxe4 Bb7 14.Bd3 g6 15.Qh4 c5
16.Ng5 h5 17.Ne4 Bxe4 18.Bxe4 Rae8 19.Bd2 Be7 20.Qg3 Qxg3 21.hxg3 Nf6 22.Bf3 cxd4
23.exd4 Rc8 24.a4 Rc2 25.axb5 axb5 26.Ra7 Re8 27.b3 b4 28.Bg5 Kg7 29.d5 Bc5
30.Bxf6+ Kxf6 31.Ra6 Bxf2+ 32.Kh2 h4 33.gxh4 Bxh4 34.dxe6 Rxe6 35.Rxe6+ Kxe6
36.Bd5+ Ke7 37.Rd4 Bf6 38.Re4+ Kf8 39.Rxb4  1/2-1/2

[Event "World Open"]
[Site "Philadelphia USA"]
[Date "2009.07.05"]
[Round "9"]
[White "Gurevich,D"]
[Black "Bareev,E"]
[Result "0-1"]
[WhiteElo "2494"]
[BlackElo "2636"]

1.d4 d5 2.c4 c6 3.Nf3 Nf6 4.Nc3 e6 5.e3 Nbd7 6.Qc2 Bd6 7.Be2 O-O 8.O-O dxc4
9.Bxc4 b5 10.Be2 Bb7 11.Rd1 Qb8 12.a3 e5 13.b4 exd4 14.exd4 a5 15.Rb1 axb4
16.axb4 h6 17.g3 Re8 18.Nh4 Nb6 19.Nf5 Nbd5 20.Nxd5 Nxd5 21.Nxd6 Qxd6 22.Bf3 Qf6
23.Rb3 Nxb4 24.Qc5 Nd5 25.Bxd5 cxd5 26.Bf4 Bc6 27.Rc1 Bd7 28.Be5 Qg6 29.Qd6 Be6
30.Qb6 f6 31.Bf4 Bh3 32.f3 Ra1 33.Qc6 Rxc1+ 34.Qxc1 Re2 35.Be3 Rg2+ 36.Kh1 Qf5
37.Qd1 Ra2 38.Kg1 Rg2+ 39.Kh1 Qe6 40.Qc1 Re2 41.Kg1 Rg2+ 42.Kh1 Re2 43.Kg1 h5
44.Bf2 Qa6 45.Qb1 Ra2 46.Qe1 Ra1 47.Rb1 Rxb1 48.Qxb1 b4 49.Qe1 Kf7 50.Be3 Qa2  0-1

[Event "II Magistral"]
[Site "Asuncion PAR"]
[Date "2009.07.06"]
[Round "8"]
[White "Vera Gonzalez Quevedo,R"]
[Black "Coelho,L"]
[Result "1-0"]
[WhiteElo "2479"]
[BlackElo "2389"]

1.d4 d5 2.c4 c6 3.Nc3 Nf6 4.e3 e6 5.Nf3 Nbd7 6.Bd3 dxc4 7.Bxc4 b5 8.Bd3 Bb7
9.O-O a6 10.e4 c5 11.d5 Qc7 12.dxe6 fxe6 13.Bc2 c4 14.Qe2 Bd6 15.Nd4 Nc5
16.f4 e5 17.Ndxb5 axb5 18.Nxb5 Qb6 19.Nxd6+ Qxd6 20.fxe5 Qxe5 21.Rf5 Qe7
22.Qxc4 Rc8 23.Qb5+ Ncd7 24.Qxb7 Rxc2 25.Ra5 Qd6 26.Be3 Qd3 27.Ra3 Qe2 28.e5 Rxb2
29.Qc6 Rc2 30.Qe6+  1-0

[Event "37th Greek Teams"]
[Site "Kallithea GRE"]
[Date "2009.07.06"]
[Round "6"]
[White "Lenic,L"]
[Black "Kempinski,R"]
[Result "1/2-1/2"]
[WhiteElo "2565"]
[BlackElo "2601"]

1.d4 d5 2.c4 c6 3.Nf3 Nf6 4.e3 e6 5.Nc3 a6 6.c5 b6 7.cxb6 Nbd7 8.Na4 Nxb6
9.Bd2 Nxa4 10.Qxa4 Bd7 11.Ne5 c5 12.Nxd7 Qxd7 13.Qxd7+ Kxd7 14.dxc5 Bxc5
15.Rc1 Bd6 16.Bd3 Rhb8 17.Rc2 Bb4  1/2-1/2

[Event "37th Greek Teams"]
[Site "Kallithea GRE"]
[Date "2009.07.07"]
[Round "7"]
[White "Tsarouha,Ma"]
[Black "Themeli,D"]
[Result "1-0"]
[WhiteElo "1763"]
[BlackElo "1662"]

1.d4 d5 2.c4 c6 3.e3 Nf6 4.Nc3 e6 5.Nf3 Nbd7 6.b3 Bb4 7.Bd2 Qa5 8.Qc2 Ne4
9.Rc1 Qxa2 10.c5 Bxc3 11.Bxc3 Qxc2 12.Rxc2 b6 13.b4 b5 14.Bd3 Nxc3 15.Rxc3 a5
16.Ra3 a4 17.O-O f6 18.Re1 Kf7 19.h4 g6 20.e4 Re8 21.e5 fxe5 22.Nxe5+ Nxe5
23.Rxe5 Bd7 24.h5 Rg8 25.Be2 Ke7 26.Bg4 Rgf8 27.hxg6 hxg6 28.g3 Rf6 29.f4 Rh8
30.Rf3 Rf7 31.Rfe3 Rf6 32.Kg2 Ra8 33.Ra3 Kf7 34.Bh3 Kg7 35.Ree3 Raf8 36.Rf3 Kh6
37.Ra1 g5 38.Rh1 Kg6 39.Rhf1 gxf4 40.gxf4 Kf7 41.Re1 Kg6 42.Rg3+ Kh6 43.Rh1 Kh7
44.Bf5+  1-0

[Event "8th Open"]
[Site "La Fere FRA"]
[Date "2009.07.07"]
[Round "5"]
[White "Nepveu,M"]
[Black "Paillard,M"]
[Result "1/2-1/2"]
[WhiteElo "2015"]
[BlackElo "1462"]

1.d4 d5 2.c4 c6 3.Nf3 Nf6 4.e3 e6 5.Nc3 Nbd7 6.Qc2 Bd6 7.Be2 dxc4 8.Bxc4 b5
9.Bd3 a6 10.Bd2 c5 11.Ne4 Qe7 12.dxc5 Bxc5 13.Nxc5 Qxc5 14.Rc1 Qxc2 15.Rxc2 O-O
16.Ke2 Nd5 17.e4 N5b6 18.Rc7 Rb8 19.b3 Rb7 20.Rhc1 Rxc7 21.Rxc7 f6 22.Ba5 e5
23.Ne1 Na8 24.Ra7 Ndb6 25.Nc2 Rf7 26.Rxf7 Kxf7 27.g3 Nd7 28.Ke3 Nc5 29.Nb4 Nb7
30.Nc6 Nxa5 31.Nxa5 Nc7 32.h4 Bd7 33.Nb7 Ne6 34.b4 Ke7 35.f4 h6 36.f5 Nd4
37.Nc5 Bc8  1/2-1/2

[Event "Ch-Paris Int"]
[Site "Coubertin FRA"]
[Date "2009.07.08"]
[Round "5"]
[White "Kazhgaleyev,M"]
[Black "Deepan,C"]
[Result "0-1"]
[WhiteElo "2639"]
[BlackElo "2506"]

1.d4 d5 2.c4 c6 3.Nc3 Nf6 4.Nf3 e6 5.e3 Nbd7 6.Bd3 dxc4 7.Bxc4 b5 8.Bd3 a6
9.a4 Bb7 10.O-O b4 11.Ne4 c5 12.Ned2 cxd4 13.exd4 Be7 14.a5 O-O 15.Qe2 Qb8
16.Re1 Qa7 17.h3 Rad8 18.Nf1 Nb8 19.Be3 Nd5 20.Ng3 Nxe3 21.fxe3 Qa8 22.Rf1 g6
23.Bc4 Nd7 24.Rad1 Bd6 25.Qe1 Qb8 26.Ne2 Qc7 27.b3 Qxa5 28.Ra1 Qh5 29.Bxa6 Bd5
30.Bc4 Nb6 31.Bxd5 Nxd5 32.Qf2 Nc3 33.Nxc3 bxc3 34.Rfc1 Rc8 35.Ra6 Bb8 36.Ra4 Qb5
37.Qa2 Bg3 38.Rc4 Rxc4 39.bxc4 Qb4 40.Rb1 Qd6 41.Rb3 Rb8 42.c5 Qc7 43.Rxb8+ Qxb8
44.Qc2 Qb4 45.Kf1 Qb5+ 46.Kg1 Qc4 47.Ng5 f5 48.Nf3 Kh8 49.Ng5 Kg8 50.Nf3 h6
51.h4 Kg7 52.h5 gxh5 53.d5 Qxc5 54.Nd4 Qxd5 55.Qxc3 Be5 56.Qb4 Bxd4 57.exd4 Kg6
58.Kf2 h4 59.Kg1 Qe4 60.Qc3 Qf4 61.Qc4 Qe3+ 62.Kh2 Kg5 63.Qb4 Qf4+ 64.Kh1 Kg4
65.Qc3 Qg3 66.Qc4 h3 67.gxh3+ Qxh3+ 68.Kg1 Qe3+ 69.Kg2 Qd2+ 70.Kf1 Kf3 71.Qc8 h5
72.Qxe6 Kg3 73.Qe1+ Qxe1+ 74.Kxe1 Kf4  0-1

[Event "19th Heart of Finland Open"]
[Site "Jyvaskyla FIN"]
[Date "2009.07.08"]
[Round "2"]
[White "Kunin,V"]
[Black "Rehn,R"]
[Result "1-0"]
[WhiteElo "2532"]
[BlackElo "2167"]

1.d4 Nf6 2.Nf3 d5 3.c4 e6 4.Nc3 c6 5.e3 Nbd7 6.Qc2 Bd6 7.b3 O-O 8.Be2 Re8
9.Bb2 Nf8 10.O-O Ng6 11.Rad1 Qe7 12.e4 dxe4 13.Nxe4 Nxe4 14.Qxe4 Nf4 15.Bd3 Nxd3
16.Rxd3 c5 17.dxc5 Bxc5 18.Ne5 f6 19.Rh3 f5 20.Qe2 Qg5 21.Rh5 Qf6 22.Nd7 Qxb2
23.Qxb2 Bxd7 24.Rd1 Bc6 25.b4 Rad8 26.Rd2 Be7 27.a3 Bf6 28.Qa2 Bc3 29.Rxd8 Rxd8
30.Qe2 g6 31.Rh3 Rd2 32.Qxe6+ Kf8 33.Qe1  1-0

[Event "19th Heart of Finland Open"]
[Site "Jyvaskyla FIN"]
[Date "2009.07.08"]
[Round "2"]
[White "Solozhenkin,E"]
[Black "Kiuttu,R"]
[Result "1/2-1/2"]
[WhiteElo "2496"]
[BlackElo "2164"]

1.d4 d5 2.Nf3 Nf6 3.c4 e6 4.Nc3 c6 5.e3 Nbd7 6.Qc2 Bd6 7.b3 O-O 8.Be2 b6
9.Bb2 Bb7 10.Rd1 Qe7 11.O-O Rad8 12.h3 Rfe8 13.Rfe1 h6 14.Bd3 c5 15.cxd5 exd5
16.Bb5 cxd4 17.Nxd4 Bb8 18.Bc6 Ba6 19.Nxd5 Nxd5 20.Bxd5 Ne5 21.Nf5 Qf8 22.f4 Nd3
23.Rxd3 Bxd3 24.Qxd3 Bxf4 25.exf4 Rxe1+ 26.Kh2 Qc5 27.Nxh6+ Kf8 28.Qh7 Qxd5
29.Qxg7+ Ke8 30.Ng4 Rd6 31.Nf6+ Rxf6 32.Bxf6 Qc5 33.Qg8+ Qf8 34.Qh7 Qc5 35.Qg8+ Qf8
36.Qg3 Re6 37.Qh4 Kd7 38.Qg4 Ke8 39.Bh4 f5 40.Qh5+ Qf7 41.Qf3 Kf8 42.Qc3 Kg8
43.a4 Kh7 44.Qc4 Kg6 45.Bf2 Re4 46.Qc6+ Qe6 47.Qc7 Qxb3 48.Qxa7 Rxf4 49.Bxb6 Rxa4
50.Qb8 Re4 51.Qd8 Qb2 52.Bc7 Qf6 53.Qg8+ Qg7 54.Qb8 Qe7 55.Qb6+ Re6 56.Qa5 Re2
57.Qc3 Re3 58.Qc6+ Re6 59.Qc4 Re4 60.Qg8+ Qg7 61.Qb8 Qe7 62.Bg3 Qe8 63.Qc7 Qe7
64.Qc1 Qe6 65.Qc7  1/2-1/2

[Event "37th Greek Teams"]
[Site "Kallithea GRE"]
[Date "2009.07.08"]
[Round "8"]
[White "Balokas,D1"]
[Black "Galopoulos,N"]
[Result "1/2-1/2"]
[WhiteElo "1662"]
[BlackElo "2255"]

1.d4 Nf6 2.c4 e6 3.Nf3 d5 4.Nc3 c6 5.e3 Nbd7 6.Bd3 dxc4 7.Bxc4 b5 8.Bd3 a6
9.e4 c5 10.e5 cxd4 11.Nxb5 axb5 12.exf6 gxf6 13.O-O Qb6 14.Be4 Bb7 15.Bxb7 Qxb7
16.Nxd4 Rg8 17.Qf3 Qxf3 18.Nxf3 Bc5 19.Be3 Bxe3 20.fxe3 Ke7 21.Nd4 Rg5 22.Rfd1 Rc8
23.a4 bxa4 24.Rxa4 Rc7 25.Ra7 Rxa7 26.Nc6+ Ke8 27.Nxa7 Ra5 28.Nc8 Ra8 29.Nd6+ Ke7
30.Nxf7 Nb6 31.Nh6 Ra2 32.Rf1 Nd7 33.b4 Rb2 34.Rf4 Ne5 35.h3  1/2-1/2

[Event "37th Greek Teams"]
[Site "Kallithea GRE"]
[Date "2009.07.08"]
[Round "8"]
[White "Androni,K"]
[Black "Papathanasiou,Ag"]
[Result "0-1"]
[WhiteElo "1795"]
[BlackElo "1891"]

1.d4 d5 2.c4 c6 3.Nc3 Nf6 4.e3 e6 5.Nf3 Nbd7 6.Qc2 Bd6 7.b3 O-O 8.Be2 Re8
9.O-O Qc7 10.e4 e5 11.dxe5 Nxe5 12.exd5 cxd5 13.Nb5 Nxf3+ 14.Bxf3 Bxh2+ 15.Kh1 Qe5
16.Ba3 dxc4 17.bxc4 Bf4 18.g3 Ng4 19.Kg2 Bxg3 20.Bxg4 Bxg4 21.fxg3 Bh3+ 22.Kxh3 Qh5+
23.Kg2 Re2+ 24.Qxe2 Qxe2+ 25.Rf2 Qxc4 26.Nd6 Qc6+ 27.Kh2 Qc3 28.Bb2 Qe3 29.Raf1 Qh6+
30.Kg1 Qxd6 31.Rxf7 Qxg3+ 32.Kh1 Qh3+ 33.Kg1 Qg4+ 34.Kh2 Qh5+ 35.Kg2 Qxf7
36.Rxf7 Kxf7  0-1

[Event "19th Heart of Finland Open"]
[Site "Jyvaskyla FIN"]
[Date "2009.07.09"]
[Round "4"]
[White "Adler,B"]
[Black "Savola,L"]
[Result "0-1"]
[WhiteElo "2221"]
[BlackElo "2052"]

1.d4 d5 2.c4 c6 3.Nf3 Nf6 4.Nc3 e6 5.e3 Nbd7 6.Qc2 a6 7.Bd2 Be7 8.cxd5 cxd5
9.Bd3 O-O 10.O-O b5 11.Ne5 Bb7 12.Rac1 Rc8 13.Nxd7 Qxd7 14.Qb3 Ne4 15.Be1 b4
16.Ne2 Rxc1 17.Nxc1 a5 18.f3 Nd6 19.Qd1 Rc8 20.Qe2 Rxc1  0-1

[Event "19th Heart of Finland Open"]
[Site "Jyvaskyla FIN"]
[Date "2009.07.09"]
[Round "5"]
[White "Kunin,V"]
[Black "Luukkonen,T"]
[Result "1-0"]
[WhiteElo "2532"]
[BlackElo "2306"]

1.d4 d5 2.c4 e6 3.Nc3 c6 4.e3 Nf6 5.Nf3 Nbd7 6.Qc2 Bd6 7.b3 O-O 8.Be2 Qe7
9.O-O dxc4 10.bxc4 e5 11.Ng5 Re8 12.c5 Bc7 13.Bc4 Rf8 14.f4 exd4 15.exd4 h6
16.Bd2 hxg5 17.Rae1 Qd8 18.fxg5 Nd5 19.Bxd5 cxd5 20.Nxd5 Nxc5 21.Ne7+ Kh8
22.dxc5 Qd4+ 23.Be3 Qe5 24.Rf4 Qxe3+ 25.Rxe3 Bxf4 26.Rf3  1-0

[Event "37th Greek Teams"]
[Site "Kallithea GRE"]
[Date "2009.07.09"]
[Round "9"]
[White "Svetushkin,D"]
[Black "Kapnisis,S"]
[Result "1/2-1/2"]
[WhiteElo "2607"]
[BlackElo "2464"]

1.d4 d5 2.c4 e6 3.Nf3 Nf6 4.Nc3 c6 5.e3 Nbd7 6.Qc2 Bd6 7.Bd3 O-O 8.O-O dxc4
9.Bxc4 a6 10.Rd1 Qc7 11.Ne4 Nxe4 12.Qxe4 c5 13.Bd3 Nf6 14.Qh4 e5 15.dxe5 Bxe5
16.Nxe5 Qxe5 17.Bd2 h6 18.Bc3 Qg5 19.Bxf6 Qxf6 20.Qxf6 gxf6 21.Be4 Rb8 22.Rd6 Be6
23.Rb6 Rfd8 24.h3 Kg7 25.Rc1 c4 26.Kf1 Rd7 27.a3 Kf8 28.Ke1 Ke7 29.a4 Rd6
30.Rxd6 Kxd6 31.Kd2 b5 32.axb5 axb5 33.Ra1 Kc5 34.g4 Rh8 35.Ra6 h5 36.gxh5 Rxh5
37.Bg2 Rg5 38.Be4 Kb4 39.Rb6 Kb3 40.f4 Rc5 41.Kc1 c3 42.Bc2+ Kb4 43.h4 Bc4
44.Bd1 Rc8 45.b3 Bd3 46.Rd6 Bf1 47.Rd4+ Ka3 48.h5 Re8 49.h6 Rh8 50.Kc2 Rxh6
51.Kxc3 Rh3 52.Re4 Rh8 53.Re7 b4+ 54.Kd2 Kb2 55.Rxf7 Bb5 56.e4 Rd8+ 57.Ke1 Re8
58.e5 fxe5 59.f5 e4 60.f6 e3 61.Rh7 Rg8 62.Rg7 Rh8 63.Bf3 Rh6 64.Rb7  1/2-1/2

[Event "XXXII Open"]
[Site "Barbera ESP"]
[Date "2009.07.10"]
[Round "7"]
[White "Almeida Quintana,O"]
[Black "Fenollar Jorda,M"]
[Result "0-1"]
[WhiteElo "2524"]
[BlackElo "2341"]

1.d4 d5 2.Nf3 Nf6 3.c4 c6 4.e3 e6 5.Nc3 Nbd7 6.Qc2 b6 7.b3 Bb7 8.Bb2 Bd6
9.Be2 O-O 10.O-O Qe7 11.Rad1 Rfd8 12.Rfe1 dxc4 13.Bxc4 c5 14.d5 exd5 15.Nxd5 Nxd5
16.Bxd5 Bxd5 17.Rxd5 Nf8 18.Qc3 Ne6 19.Rg5 Qf8 20.Rf5 Qe8 21.Rh5 Rd7 22.Nh4 f6
23.Qc2 Nf8 24.Nf5 Qf7 25.Rh4 Kh8 26.Rg4 Ne6 27.h3 Rad8 28.Qc4 Bf8 29.Bc3 Ng5
30.Qf4 Rd3 31.Rc1 Ne6 32.Nh6 gxh6 33.Bxf6+ Bg7 34.Bxg7+ Qxg7 35.Qf5 Qd7 36.Qf6+ Ng7
37.f4 Rd6 38.Qe5 Rg6  0-1

[Event "ch-NOR"]
[Site "Bergen NOR"]
[Date "2009.07.10"]
[Round "7"]
[White "Ostmoe,G"]
[Black "Thomassen,J"]
[Result "1/2-1/2"]
[WhiteElo "2402"]
[BlackElo "2300"]

1.d4 d5 2.c4 c6 3.Nf3 Nf6 4.Nc3 e6 5.e3 Nbd7 6.Bd3 dxc4 7.Bxc4 b5 8.Bd3 Bb7
9.O-O a6 10.e4 c5 11.d5 Qc7 12.Bc2 c4 13.dxe6 fxe6 14.Nd4 Nc5 15.Be3 e5 16.Nf5 g6
17.Bg5 Qc6 18.Bxf6 Qxf6 19.Ne3 Rd8 20.Ncd5 Qg7 21.a4 Ne6 22.axb5 axb5 23.b3 Bxd5
24.Nxd5 Bc5 25.bxc4 O-O 26.cxb5 Rxf2 27.Rxf2 Rf8 28.Kh1 Bxf2 29.b6 Bd4 30.Ra7 Qh6
31.Nf6+ Rxf6 32.Ra8+ Kg7 33.b7 Qd2 34.Rg8+ Kxg8 35.b8=Q+ Nf8 36.Qbb1 Qg5
37.Bb3+ Kh8 38.Qbc1 Be3 39.Qc4 Ne6 40.Qc8+ Nf8 41.Qc4 Kg7 42.Qc7+ Kh6 43.Qc8 Kg7
44.Qc7+ Kh6 45.Qc8  1/2-1/2

[Event "ChessCube SA Open"]
[Site "Cape Town RSA"]
[Date "2009.07.10"]
[Round "10"]
[White "Komarov,Di"]
[Black "Wang,Ph"]
[Result "1-0"]
[WhiteElo "2550"]
[BlackElo "2306"]

1.c4 c6 2.Nf3 d5 3.e3 Nf6 4.Nc3 e6 5.d4 Nbd7 6.Qc2 b6 7.Bd3 Bb7 8.O-O Be7
9.b3 Rc8 10.Bb2 dxc4 11.bxc4 c5 12.d5 exd5 13.cxd5 Nxd5 14.Nxd5 Bxd5 15.Rad1 Bf6
16.Ba6 Bxf3 17.gxf3 Rc7 18.Bxf6 Qxf6 19.Bb5 Ke7 20.Bxd7 Rxd7 21.Qe4+ Qe6
22.Rxd7+ Kxd7 23.Qb7+  1-0

[Event "Helmut Kohls IM"]
[Site "Dortmund GER"]
[Date "2009.07.10"]
[Round "7"]
[White "Savchenko,Via"]
[Black "Fiebig,T"]
[Result "0-1"]
[WhiteElo "2429"]
[BlackElo "2426"]

1.d4 d5 2.c4 c6 3.Nf3 Nf6 4.Nc3 e6 5.e3 Nbd7 6.Bd2 Bd6 7.Qb3 O-O 8.h3 dxc4
9.Bxc4 Qe7 10.Be2 e5 11.Qc2 Re8 12.dxe5 Nxe5 13.Nd4 Bc5 14.Nf5 Qf8 15.g4 Be6
16.O-O-O b5 17.f4 Nc4 18.Bxc4 Bxc4 19.e4 Rad8 20.e5 Nd5 21.Ne4 Bb4 22.a3 Bxd2+
23.Qxd2 f6 24.Ned6 Ne7 25.Qa5 Nxf5 26.gxf5 fxe5 27.Nxe8 Rxe8 28.Rhg1 Qxf5
29.Qxa7 Bf7 30.fxe5 Bg6 31.Rxg6 hxg6 32.Re1 Qxh3 33.Qc7 Qh4 34.Qa5 Qf4+ 35.Qd2 g5
36.Kc2 Qxd2+ 37.Kxd2 Kf7 38.Rc1 Rxe5 39.Rxc6 g4 40.Rc3 Kf6 41.Re3 Rd5+ 42.Ke2 Kg5
43.Kf2 Kh4 44.Re7 Rd2+ 45.Kf1 Rxb2 46.Rxg7 Kg3 47.Rg8 Rb1+ 48.Ke2 Rb3 49.Rg5 Rxa3
50.Rxb5 Kg2 51.Rg5 g3 52.Rg8 Ra7 53.Rf8 Re7+ 54.Kd2 Kg1  0-1

[Event "ch-NOR"]
[Site "Bergen NOR"]
[Date "2009.07.11"]
[Round "8"]
[White "Lie,K"]
[Black "Agdestein,S"]
[Result "1/2-1/2"]
[WhiteElo "2541"]
[BlackElo "2572"]

1.d4 d5 2.Nf3 c6 3.c4 e6 4.e3 Nf6 5.Nc3 Nbd7 6.Qc2 Bd6 7.Bd3 O-O 8.O-O dxc4
9.Bxc4 Qe7 10.Rd1 Kh8 11.h3 e5 12.Bf1 a6 13.e4 Re8 14.Be3 b5 15.Ne2 Bb7 16.Ng3 exd4
17.Nf5 dxe3 18.Nxe7 exf2+ 19.Kh1 Bxe7 20.e5 Nd5 21.Qxf2 Bc5 22.Qg3 Re7 23.Bd3 Rae8
24.Re1 g6 25.Be4 Ba7 26.Bxd5 cxd5 27.Qh4 Bb8 28.Ng5 Nf8 29.a4 Kg8 30.axb5 axb5
31.Ra5 f6 32.Nf3 fxe5 33.Rxb5 e4 34.Nd4 Be5 35.Nc2 Ne6 36.Nb4 Nd4 37.Nxd5 Bxd5
38.Rxd5 Nf5 39.Qg5 Kg7 40.Kg1 Bd4+ 41.Rxd4 Nxd4 42.Qc5 Nf5 43.b4 h5 44.g4 hxg4
45.hxg4 Nh6 46.Qc3+ Kg8 47.b5 Nxg4 48.b6 Ne5 49.Qb3+ Kg7 50.Rxe4 Nf3+ 51.Qxf3 Rxe4
52.b7 Re1+ 53.Kf2 R1e7 54.Qc3+ Kh7 55.Qh3+ Kg7 56.Qc3+ Kh7 57.Qh3+  1/2-1/2

[Event "XXXII Open"]
[Site "Barbera ESP"]
[Date "2009.07.12"]
[Round "9"]
[White "Ipatov,A ESP"]
[Black "Fenollar Jorda,M"]
[Result "1-0"]
[WhiteElo "2454"]
[BlackElo "2341"]

1.d4 d5 2.c4 c6 3.Nf3 Nf6 4.Nc3 e6 5.e3 Nbd7 6.Qc2 b6 7.Be2 Bb7 8.O-O Bd6
9.b3 O-O 10.Bb2 Qe7 11.Rad1 Rad8 12.Rfe1 c5 13.cxd5 exd5 14.Bf1 Rfe8 15.g3 Qe6
16.Ng5 Qg4 17.h4 Ne4 18.Ncxe4 dxe4 19.Bc4 Rf8 20.dxc5 Bxc5 21.Qc3 Nf6 22.Bxf7+ Rxf7
23.Rxd8+ Rf8 24.Qc4+  1-0

[Event "12th Open"]
[Site "Malaga ESP"]
[Date "2009.07.12"]
[Round "2"]
[White "Gonzalez Lopez,Jo"]
[Black "Garcia Rodriguez,Vi"]
[Result "1/2-1/2"]
[WhiteElo "1780"]
[BlackElo "2090"]

1.d4 d5 2.c4 e6 3.Nf3 Nf6 4.Nc3 c6 5.e3 Nbd7 6.Bd3 dxc4 7.Bxc4 Be7 8.O-O O-O
9.Bd3 b5 10.e4 b4 11.Ne2 c5 12.e5 Nd5 13.Be4 Bb7 14.Nf4 N7b6 15.dxc5 Bxc5
16.Nh5 Ba6 17.Re1 g6 18.Ng5 Rc8 19.Qg4 Be7 20.h4 Rc4 21.Ng3 Nd7 22.Nxe6 Nxe5
23.Nxd8 Nxg4 24.Bxd5 Bxd8 25.Bxc4 Bxc4 26.Be3 a5 27.Bc5 Bxh4 28.Bxf8 Kxf8
29.Re4 Be6 30.Rc1 Be7 31.Rce1 Bc5 32.R1e2 Nf6 33.Rxe6 fxe6 34.Rxe6 Nd7 35.Ne4 Be7
36.Ra6 Bd8 37.Ra8 Ke7 38.Kf1 Bb6 39.Rh8 Nf8 40.Ng5 h5 41.Nh7 Ne6 42.Rb8 Bc7
43.Rb7 Kd7 44.Nf6+ Kc6 45.Ra7 Kb6 46.Ra8 Bd8 47.Nd5+ Kb7 48.Rxd8 Nxd8 49.Ke2 Nc6
50.Ke3 Kc8 51.Ke4 Kd7 52.g3 Kd6 53.Nf4 Ne7 54.Kd4 a4 55.Ke4 a3 56.bxa3 bxa3
57.Kd4 h4 58.gxh4 Nf5+ 59.Kc3 Nxh4 60.Nxg6  1/2-1/2

[Event "KUTXA"]
[Site "Donostia ESP"]
[Date "2009.07.13"]
[Round "6"]
[White "Hauchard,A"]
[Black "Cifuentes Parada,R"]
[Result "1-0"]
[WhiteElo "2528"]
[BlackElo "2539"]

1.d4 d5 2.c4 c6 3.Nf3 Nf6 4.e3 e6 5.Nc3 Nbd7 6.Qc2 Bd6 7.Bd3 O-O 8.O-O dxc4
9.Bxc4 b5 10.Be2 Bb7 11.Rd1 Qb8 12.e4 e5 13.Bg5 exd4 14.Rxd4 c5 15.Rd2 b4
16.Nd5 Nxd5 17.exd5 h6 18.Bh4 Nb6 19.Rad1 Qc7 20.b3 a5 21.Bb5 a4 22.Qe4 axb3
23.axb3 Bc8 24.Bg3 Ra3 25.Bd3 f5 26.Bxd6 Qxd6 27.Qe5 Rd8 28.Qb2 Re8 29.Re2 Rxe2
30.Bxe2 f4 31.Nd2 Bf5 32.Nc4 Nxc4 33.Bxc4 Kf8 34.Qd2 Ra7 35.h3 f3 36.g4 Be4
37.Qe3 Re7 38.Re1 h5 39.Qg5 Bh7 40.Ra1 hxg4 41.hxg4 Bg6 42.Qh4 Kf7 43.Qh2 Qxh2+
44.Kxh2 Kf6 45.Kg3 Be4 46.Ra5 g5 47.Rxc5 Rd7 48.Rc6+ Ke5 49.Rb6 Rd6 50.Rxb4 Rh6
51.Rb7 Kd4 52.Rg7 Rh1 53.Rxg5 Rd1 54.d6 Kc3 55.Re5 Bc6 56.Re6 Bd7 57.Re3+ Kb4
58.Kxf3 Rxd6 59.Kg3 Rd1 60.f3 Bc6 61.Kf4 Kc5 62.g5 Rg1 63.Kf5 Kd6 64.f4  1-0

[Event "Euskal Xake Eskola"]
[Site "Donostia ESP"]
[Date "2009.07.13"]
[Round "6"]
[White "Hoffman,A"]
[Black "Gonzalez de la Torre,S"]
[Result "0-1"]
[WhiteElo "2417"]
[BlackElo "2390"]

1.d4 d5 2.c4 c6 3.Nf3 Nf6 4.Nc3 e6 5.e3 Nbd7 6.Qc2 Bd6 7.Bd3 O-O 8.O-O dxc4
9.Bxc4 a6 10.a4 c5 11.dxc5 Bxc5 12.Ne4 Be7 13.Ng3 b6 14.b3 Bb7 15.Bb2 Ra7
16.Rfd1 Qa8 17.Ng5 Rd8 18.Rxd7 Rxd7 19.Nh5 Be4 20.Nxe4 Nxh5 21.g4 Nf6 22.Nxf6+ Bxf6
23.Bxf6 gxf6 24.Qe2 b5  0-1

[Event "12th Open"]
[Site "Malaga ESP"]
[Date "2009.07.13"]
[Round "4"]
[White "Gavilan Diaz,M"]
[Black "Garcia Rodriguez,Vi"]
[Result "1-0"]
[WhiteElo "2280"]
[BlackElo "2090"]

1.d4 d5 2.c4 e6 3.Nc3 Nf6 4.Nf3 c6 5.e3 Nbd7 6.Qc2 Be7 7.Bd3 dxc4 8.Bxc4 O-O
9.O-O Qc7 10.Be2 e5 11.e4 exd4 12.Nxd4 Nc5 13.h3 Re8 14.f4 Ne6 15.Nf5 Bc5+
16.Kh1 Nd4 17.Nxd4 Bxd4 18.e5 Bxc3 19.bxc3 Nd5 20.c4 Ne7 21.Bd3 g6 22.e6 f6
23.Qc3 Rf8 24.Ba3 c5 25.Rae1 b6 26.f5 g5 27.Be2 Bb7 28.Rd1 Bc6 29.Bh5 Kg7
30.Bb2 Ng8 31.Bf3 Rad8 32.Bxc6 Qxc6 33.Qe3 Qc7 34.Qxg5+ Kh8 35.Qe3 Kg7 36.Qf3 Ne7
37.Rxd8 Qxd8 38.Rd1 Qe8 39.Rd7 Kh8 40.Qf4 Ng8 41.Qc7 Qh5 42.Qg3 Qh6 43.Kh2 Re8
44.Bc1 Qf8 45.Rf7  1-0

[Event "Richard Riordan GM Rapid"]
[Site "Natanya ISR"]
[Date "2009.07.13"]
[Round "8"]
[White "Beliavsky,A"]
[Black "Rodshtein,M"]
[Result "1-0"]
[WhiteElo "2662"]
[BlackElo "2623"]

1.d4 d5 2.c4 c6 3.Nf3 Nf6 4.Nc3 e6 5.e3 Nbd7 6.Qc2 Bd6 7.Bd3 dxc4 8.Bxc4 O-O
9.O-O a6 10.Rd1 Qc7 11.Ne4 Nxe4 12.Qxe4 Be7 13.Bd3 g6 14.b3 b6 15.Bb2 Bb7
16.Qg4 Bf6 17.Rac1 Bg7 18.Ba3 Rfe8 19.Ng5 h6 20.Nf3 Rac8 21.Nd2 e5 22.Nc4 Nf6
23.Qh3 e4 24.Be2 Re6 25.Qg3 Qxg3 26.hxg3 Nd5 27.g4 Rd8 28.Bf1 a5 29.g3 f6
30.Bg2 Bf8 31.Bxf8 Kxf8 32.a3 Rde8 33.Rc2 Ke7 34.Rdc1 Kd7 35.Bh3 g5 36.Bg2 Kc7
37.Rb2 Ba6 38.Rbc2 Bb7 39.Nd2 Kd7 40.Bf1 R6e7 41.Bc4 Kd6 42.Rb2 Bc8 43.Be2 Bd7
44.b4 b5 45.Nb3 Ra8 46.Nxa5 Ra7 47.Ra1 Rc7 48.Nb3  1-0

[Event "Open"]
[Site "Rethymno GRE"]
[Date "2009.07.13"]
[Round "2"]
[White "Neverov,V"]
[Black "Romsdal,T"]
[Result "1-0"]
[WhiteElo "2561"]
[BlackElo "2171"]

1.d4 d5 2.c4 c6 3.Nf3 Nf6 4.Nc3 e6 5.e3 Nbd7 6.Qc2 a6 7.b3 Bd6 8.Be2 Qe7
9.O-O O-O 10.Bb2 dxc4 11.bxc4 e5 12.Rfe1 Re8 13.c5 Bc7 14.Bc4 h6 15.h3 Ba5
16.dxe5 Nxe5 17.Nxe5 Qxe5 18.Nd5 Qg5 19.h4 Qg4 20.Nxf6+ gxf6 21.Red1 Kg7
22.Rd4 Qh5 23.Rf4 Bd8 24.Rd1 Be7 25.Rd6 Bxd6 26.cxd6 Re5 27.g4 Bxg4 28.Bxe5 Rg8
29.Rxf6 Bd1  1-0

[Event "Richard Riordan GM Rapid"]
[Site "Natanya ISR"]
[Date "2009.07.14"]
[Round "13"]
[White "Avrukh,B"]
[Black "Nepomniachtchi,I"]
[Result "1-0"]
[WhiteElo "2641"]
[BlackElo "2632"]

1.d4 Nf6 2.c4 c6 3.Nc3 d5 4.Nf3 e6 5.e3 Nbd7 6.Qc2 Bd6 7.b3 O-O 8.Be2 Qe7
9.O-O dxc4 10.bxc4 e5 11.Rd1 Re8 12.Rb1 e4 13.Nd2 Nf8 14.c5 Bc7 15.Nc4 Ng4
16.g3 Nxh2 17.Qxe4 Qd8 18.Qh4 Qxh4 19.gxh4 Ng6 20.d5 Nxh4 21.d6 N2f3+ 22.Kh1 Bf5
23.dxc7 Bxb1 24.Nxb1 Rec8 25.Rd7 Kf8 26.Nd6 Ne5 27.Nxc8 Nxd7  1-0